Aktuální pojetí a tendence bezpečnostního managementu a informační bezpečnosti /

Hlavní autor: Kný, Milan, 1941-
Korporativní autor: Policejní akademie České republiky. Fakulta bezpečnostního managementu
Další autoři: Požár, Josef
Jazyk: Čeština
Vydáno: Brno : Tribun EU, 2010
Vydání: V Tribunu EU vyd. 1.
Edice: Knihovnicka.cz
Témata:
Externí odkaz: Digitalizovaný dokument
Fyzický popis: 128 s. : il. (některé barev.) ; 21 cm
Language note: Anglické resumé
Knihy
Uloženo v:
LEADER 02002nam a2200493 a 4500
001 nkc20071763643
003 CZ PrNK
005 20121218171908.0
007 ta
008 071114s2010 xr a e 001 0 cze
015 |a cnb001763643 
020 |a 978-80-7399-067-1  |q (brož.) 
035 |a (OCoLC)820693343 
040 |a OLA001  |b cze  |d ABA001 
041 0 |a cze  |b eng 
072 7 |a 005  |x Management. Řízení  |2 Konspekt  |9 4 
080 |a 005.934  |2 MRF 
080 |a 004.056  |2 MRF 
080 |a (048.8)  |2 MRF 
100 1 |a Kný, Milan,  |d 1941-  |7 ola2004228811  |4 aut 
245 1 0 |a Aktuální pojetí a tendence bezpečnostního managementu a informační bezpečnosti /  |c autoři Milan Kný a Josef Požár 
250 |a V Tribunu EU vyd. 1. 
260 |a Brno :  |b Tribun EU,  |c 2010 
300 |a 128 s. :  |b il. (některé barev.) ;  |c 21 cm 
490 1 |a Knihovnicka.cz 
500 |a Nad názvem: Policejní akademie České republiky v Praze, Fakulta bezpečnostního managementu 
504 |a Obsahuje bibliografii, bibliografické odkazy a rejstřík 
546 |a Anglické resumé 
650 0 7 |a bezpečnostní management  |7 ph170456  |2 czenas 
650 0 7 |a informační bezpečnost  |7 ph136652  |2 czenas 
650 0 9 |a safety management  |2 eczenas 
650 0 9 |a information security  |2 eczenas 
655 7 |a studie  |7 fd133597  |2 czenas 
655 9 |a studies  |2 eczenas 
700 1 |a Požár, Josef  |7 ola2004228812  |4 aut 
710 2 |a Policejní akademie České republiky.  |b Fakulta bezpečnostního managementu  |7 ko2011465579 
830 0 |a Knihovnicka.cz  |0 s 
856 4 1 |u http://www.digitalniknihovna.cz/mzk/uuid/uuid:db43d2b0-1ee5-11e9-9634-005056827e52  |y Digitalizovaný dokument  |x NDK 
910 2 |a BOA001  |b 2-1294.249 
990 |a BK 
995 |a 01 
991 |b 201211  |c NOV  |e n 
996 6 |b 2610528160  |c 2-1294.249  |l MZK  |r Sklad / do 1 hodiny  |n 5  |p p.v.  |w 001298127  |u 000010  |a 1  |e BOA001  |j MZK50  |s P 
996 7 |b 2610528161  |c 2-1294.249  |l MZK  |r Sklad / do 1 hodiny  |n 6  |p p.v.  |w 001298127  |u 000020  |a 1  |e BOA001  |j MZK50  |s A